Hodnotenie vedomostí študentov v kurzoch obchodnej angličtiny na Ekonomickej univerzite v Bratislave

Význam objektívneho hodnotenia získaných jazykových vedomostí v kurzoch obchodnej angličtiny na Ekonomickej univerzite v Bratislave. Štandardizované testy, ktoré merajú a hodnotia pokrok, ktorý študenti dosiahli pri plnení cieľov, stanovených osnovami. Charakteristika štandardizovaných testov. Výhod...

Descrizione completa

Salvato in:
Dettagli Bibliografici
Autore principale: Zsapková, Eleonóra
Natura: Capitolo di libro
Lingua:slovacco
Soggetti:
Tags: Aggiungi Tag
Nessun Tag, puoi essere il primo ad aggiungerne!!

MARC

LEADER 00000nla a2200000 4500
001 0207021
005 20240502073435.3
041 0 |a slo 
044 |a SK 
245 1 0 |a Hodnotenie vedomostí študentov v kurzoch obchodnej angličtiny na Ekonomickej univerzite v Bratislave  |c Eleonóra Zsapková 
520 |a Význam objektívneho hodnotenia získaných jazykových vedomostí v kurzoch obchodnej angličtiny na Ekonomickej univerzite v Bratislave. Štandardizované testy, ktoré merajú a hodnotia pokrok, ktorý študenti dosiahli pri plnení cieľov, stanovených osnovami. Charakteristika štandardizovaných testov. Výhody a nevýhody štandardizovaných testov. 
610 2 0 |a vzdelávanie vysokoškolské 
610 2 0 |a jazyky cudzie 
610 2 0 |a angličtina 
610 2 0 |a vedomosti 
610 2 0 |a testy 
100 1 |a Zsapková, Eleonóra